000 00414nam a2200169Ia 4500
008 230524s9999 xx 000 0 und d
020 _a9788189929865
082 _a625.7
_bBIN
100 _aS.P.Bindra
245 2 _aA Course in Highway Engineering
250 _a1
260 _aNew Delhi
_bDhanpat Rai Pub.
_c2013
300 _a"XXI,564p;"
500 _aQuantity Number: 11
650 _aCivil
942 _cBK
999 _c55024
_d55024